| 000 | 00754nam a22002177a 4500 | ||
|---|---|---|---|
| 003 | DO-CoUTE | ||
| 005 | 20260430144304.0 | ||
| 008 | 260430b dr ||||| |||| 00| 0 spa d | ||
| 040 |
_aDO-CoUTE _bspa _cDO-CoUTE |
||
| 082 | _aR 595.789t136g | ||
| 100 | 1 |
_aTarkizawa, Haruo _eAutor |
|
| 245 | 1 | 0 |
_aGuía de Mariposas Diurnas de la Hispaniola / _cHaruo Takizawa, sandis Medrano Cabral, Denia Veloz |
| 260 |
_aSanto Domingo ; _bAgencia de cooperación Internacional, _c2003 |
||
| 300 |
_a58 Paginas : _b mapas ; _c22cm, |
||
| 504 | _a Incluye referencia bibliográfica e índice. | ||
| 650 | 4 | _aMariposa | |
| 700 | 1 |
_aHaruo Takizawa _eAutor |
|
| 700 | 1 |
_aSardis Medrano Cabral _eAutor |
|
| 700 | 1 |
_aDenia Veloz _eAutor |
|
| 942 |
_2ddc _cBK |
||
| 999 |
_c24154 _d24154 |
||